Innovation, Technology Policy and Regional Development : Evidence from China and Australia /

Gardado en:
Detalles Bibliográficos
Outros autores: Turpin, Tim (edición) (edición)
Formato: Libro
Idioma:inglés
Publicado: Cheltenham, Inglaterra : Edward Elgar, 2002, c2002
Temas:
Etiquetas: Engadir etiqueta
Sen Etiquetas, Sexa o primeiro en etiquetar este rexistro!

MARC

LEADER 00000nam^a2200000^a^4500
001 000188489
005 20250521000000.0
009 20260310102338.504
020 |a 1-84064-508-3 
037 |a Acervo ITESO - Biblioteca 
041 |a ING 
082 |a 330. 9  |b INN 
245 0 0 |a Innovation, Technology Policy and Regional Development :  |b Evidence from China and Australia /  |c Ed. de T. Turpin... [et al.]. 
264 4 |a Cheltenham, Inglaterra :  |b Edward Elgar,  |c 2002, c2002 
300 |a XV, 232 p. 
336 |a texto  |b txt  |2 rdacontenido 
337 |a sin mediación  |b n  |2 rdamedio 
338 |a volumen  |b nc  |2 rdasoporte 
649 |a XX 
650 |a Empresa y Sociedad 
650 |a Alianzas Estratégicas y Clusters 
650 |a Sistemas de Información -  |x Aspectos Económicos 
650 |a Tecnologías de Comunicación e Información -  |x Aspectos Económicos 
650 |a Telecomunicaciones -  |x Aspectos Económicos 
650 |a Comunicaciones y Tránsito 
650 |a Tecnología -  |x Aspectos Económicos 
650 |a Desarrollo Tecnológico 
650 |a Desarrollo Económico-Social 
650 |a Política Industrial 
650 |a Política Económica 
650 |a Economía -  |z China -  |x Historia -  |y 1993-2003 
650 |a Economía -  |z China -  |x Historia -  |y Siglo XXI 
650 |a Economía -  |z Austria -  |x Historia -  |y 2000-2009 
650 |a Economía -  |z Australia -  |x Historia -  |y Siglo XXI 
650 |a Economía Comparada 
700 |a Turpin, Tim  |e (edición) 
910 |a Fondo General 
920 |a Impresos - Libros 
930 |a Colección General 
905 |a 101 
901 |a 0500130994  |b IT1  |c ACC  |u 20250521 
902 |a https://opac.biblio.iteso.mx/vufind/Record/000188489